| 000 | 00600nam a2200181Ia 4500 | ||
|---|---|---|---|
| 008 | 130821s1972 sp gr spa | ||
| 040 |
_aCo-BoUCM _bspa |
||
| 041 | _aspa | ||
| 100 | 1 |
_aHartnack, Justus _989117 |
|
| 245 | 1 | 0 |
_aWittgenstein y la filosofía contemporánea _cJustus Hartnack ; traducción castellana de Jacobo Muñoz. |
| 260 |
_aBarcelona (España) _bAriel _c1972 |
||
| 300 | _a210 páginas | ||
| 650 | 0 | 4 |
_aFilosofía moderna _915835 |
| 650 | 0 | 4 |
_aFilosofía _975 |
| 700 | 1 |
_aMuñoz, Jacobo _eTr _929401 |
|
| 942 |
_cLIBRO _a2 _e1 _mH17 _2DEWEY _h190 |
||
| 999 |
_c4829 _d4829 |
||